Ako vplývajú bankové regulácie na zmeny kapitálu banky a finančnej stability banky? bakalárska práca

Gespeichert in:
Bibliographische Detailangaben
1. Verfasser: Babiš, Aurel
Körperschaft: Národohospodárska fakulta EU. Katedra bankovníctva a medzinárodných financií
Weitere Verfasser: Horváth, David, 1992-
Format: Buch
Sprache:Slowakisch
Veröffentlicht: Bratislava 2025
Tags: Tag hinzufügen
Keine Tags, Fügen Sie das erste Tag hinzu!

MARC

LEADER 00000nbm a2200000 4500
001 0309231
005 20251003142230.1
041 0 |a slo 
044 |a SK 
245 1 0 |a Ako vplývajú bankové regulácie na zmeny kapitálu banky a finančnej stability banky?  |b bakalárska práca  |c Aurel Babiš ; školiteľ: David Horváth 
264 1 |a Bratislava  |c 2025 
300 |a 58 s. 
100 1 |a Babiš, Aurel 
700 1 |a Horváth, David, 1992- 
710 2 |a Národohospodárska fakulta EU. Katedra bankovníctva a medzinárodných financií